000 00424nam a2200181Ia 4500
001 12874
005 20260306163012.0
008 260306t2002||||xx |||||||||||||| ||spa||
041 _aESP
082 _a423.61
_bA32
100 _aAguirre Rojas, Olinda
_eAUT
245 0 _aDiccionario de inglés técnico:
_bc.d.
260 _c2002
300 _a
_c24 cm.
650 _aGEN
654 _aCHU
942 _cDIC
_dJUS
_fJUS
_2ddc
_n
999 _c12874
_d12874